000 01324nam a2200409 i 4500
001 6783
003 KOSZ 005
005 20200527120123.0
008 970510s1995 pl a f f |000 0 pol
015 _aPB 1995/6512
020 _a8390274809
040 _aWA N
_cWA N
_dKOSZ 005/HR
046 _k1995
080 _a624.014.2
080 _a620.197
080 _a(075.8)
100 1 _aBródka, Jan
_d(1929- )
_eAutor
245 1 0 _aPrzebudowa i utrzymanie konstrukcji stalowych /
_cJan Bródka.
260 _aWarszawa ; Łódź :
_b"Mostostal-Projekt" : Politechnika Łódzka,
_c1995.
300 _a288, [1] s. :
_brys., wykr. ;
_c21 cm.
336 _2rdacontent
_aTekst
_btxt
337 _2rdamedia
_aBez urządzenia pośredniczącego
_bn
338 _2rdacarrier
_aWolumin
_bnc
380 _aKsiążki
380 _aPublikacje dydaktyczne
385 _mPoziom nauczania
_aSzkoły wyższe
388 _a1901-2000
388 _a1989-2000
504 _aBibliogr. s. 277-[289].
650 4 _aKonstrukcje stalowe
650 4 _aOchrona i konserwacja
650 4 _aRemont
655 4 _aPodręczniki akademickie
658 _aArchitektura i budownictwo
856 4 1 _uhttp://koha.tu.koszalin.pl/cgi-bin/koha/opac-detail.pl?biblionumber=6783
_zKatalog online BPK
942 _2UKD
_cKS
999 _c6783
_d6783